Detalles MARC
| 000 -LEADER |
| campo de control de longitud fija |
02337cam a22005414i 4500 |
| 003 - IDENTIFICADOR DE NÚMERO DE CONTROL |
| campo de control |
PE-LiUPU |
| 005 - FECHA Y HORA DE LA ÚLTIMA TRANSACCIÓN |
| campo de control |
20250731180108.0 |
| 008 - DATOS DE LONGITUD FIJA--INFORMACIÓN GENERAL |
| campo de control de longitud fija |
150623s r 000 0 d |
| 035 ## - NÚMERO DE CONTROL DEL SISTEMA |
| Número de control de sistema |
(Sirsi) a21948 |
| 040 ## - FUENTE DE CATALOGACIÓN |
| Centro catalogador/agencia de origen |
PE-LiUPU |
| Lengua de catalogación |
spa |
| Centro/agencia transcriptor |
PE-LiUPU |
| Normas de descripción |
rda |
| 082 04 - NÚMERO DE LA CLASIFICACIÓN DECIMAL DEWEY |
| Número de clasificación |
514 |
| Cutter |
D84 |
| Número de edición |
21 |
| 100 1# - ENTRADA PRINCIPAL--NOMBRE DE PERSONA |
| Nombre de persona |
Carmo, Manfredo Perdigao do, |
| Término indicativo de función/relación |
autor. |
| 245 10 - MENCIÓN DEL TÍTULO |
| Título |
Trigonometría y números complejos / |
| Mención de responsabilidad, etc. |
Manfredo Perdigao do Carmo, Augusto César Morgado, Eduardo Wagner ; con notas históricas de Joao Bosco Pitombeira de Carvalho. |
| 264 #1 - PRODUCCIÓN, PUBLICACIÓN, DISTRIBUCIÓN, FABRICACIÓN Y COPYRIGHT |
| Producción, publicación, distribución, fabricación y copyright |
Lima : |
| Nombre del de productor, editor, distribuidor, fabricante |
Instituto de Matemática y Ciencias Afines, UNI, |
| Fecha de producción, publicación, distribución, fabricación o copyright |
1999. |
| 300 ## - DESCRIPCIÓN FÍSICA |
| Extensión |
121 páginas : |
| Otras características físicas |
ilustraciones, gráficos ; |
| Dimensiones |
22 cm. |
| 336 ## - TIPO DE CONTENIDO |
| Término de tipo de contenido |
text |
| Fuente |
rdacontent |
| 337 ## - TIPO DE MEDIO |
| Nombre/término del tipo de medio |
unmediated |
| Fuente |
rdamedia |
| 338 ## - TIPO DE SOPORTE |
| Nombre/término del tipo de soporte |
volume |
| Fuente |
rdacarrier |
| 490 0# - MENCIÓN DE SERIE |
| Mención de serie |
Colección textos del IMCA. La enseñanza matemática |
| 504 ## - NOTA DE BIBLIOGRAFÍA, ETC. |
| Nota de bibliografía, etc. |
Incluye bibliografía. |
| 505 0# - NOTA DE CONTENIDO CON FORMATO |
| Nota de contenido con formato |
Sistema de coordenadas en el plano. -La trigonometría del triángulo rectángulo. -Extensiones de las funciones trigonométricas. -Las leyes del seno y del coseno. -Ecuaciones trigonométricas. -Números complejos. -Trigonometría y números complejos. -Apéndice A: transformaciones en las funciones trigonométricas. -Apéndice B: La historia de la trigonometría. -Apéndice C: La historia de los números complejos. |
| 526 ## - NOTA DE INFORMACIÓN SOBRE EL PROGRAMA DE ESTUDIO |
| Nombre del programa |
Segunda Especialidad En Estadística Aplicada Para Investigación (A Distancia) |
| 526 ## - NOTA DE INFORMACIÓN SOBRE EL PROGRAMA DE ESTUDIO |
| Nombre del programa |
Segunda Especialidad En Estadística Aplicada Para Investigación |
| 526 ## - NOTA DE INFORMACIÓN SOBRE EL PROGRAMA DE ESTUDIO |
| Nombre del programa |
Odontología |
| 526 ## - NOTA DE INFORMACIÓN SOBRE EL PROGRAMA DE ESTUDIO |
| Nombre del programa |
Tecnología Médica En Terapia Física Y Rehabilitación (A Distancia) |
| 526 ## - NOTA DE INFORMACIÓN SOBRE EL PROGRAMA DE ESTUDIO |
| Nombre del programa |
Tecnología Médica En Terapia Física Y Rehabilitación (Semipresencial) |
| 526 ## - NOTA DE INFORMACIÓN SOBRE EL PROGRAMA DE ESTUDIO |
| Nombre del programa |
Tecnología Médica En Laboratorio Clínico Y Anatomía Patológica |
| 526 ## - NOTA DE INFORMACIÓN SOBRE EL PROGRAMA DE ESTUDIO |
| Nombre del programa |
Ingeniería De Ciencia De Datos E Inteligencia Artificial |
| 526 ## - NOTA DE INFORMACIÓN SOBRE EL PROGRAMA DE ESTUDIO |
| Nombre del programa |
Ingeniería Ambiental (Semipresencial) |
| 526 ## - NOTA DE INFORMACIÓN SOBRE EL PROGRAMA DE ESTUDIO |
| Nombre del programa |
Nutrición humana |
| 526 ## - NOTA DE INFORMACIÓN SOBRE EL PROGRAMA DE ESTUDIO |
| Nombre del programa |
Medicina humana |
| 526 ## - NOTA DE INFORMACIÓN SOBRE EL PROGRAMA DE ESTUDIO |
| Nombre del programa |
Ingeniería de industrias alimentarias |
| 526 ## - NOTA DE INFORMACIÓN SOBRE EL PROGRAMA DE ESTUDIO |
| Nombre del programa |
Ingeniería civil |
| 526 ## - NOTA DE INFORMACIÓN SOBRE EL PROGRAMA DE ESTUDIO |
| Nombre del programa |
Ingeniería ambiental |
| 526 ## - NOTA DE INFORMACIÓN SOBRE EL PROGRAMA DE ESTUDIO |
| Nombre del programa |
Enfermería |
| 526 ## - NOTA DE INFORMACIÓN SOBRE EL PROGRAMA DE ESTUDIO |
| Nombre del programa |
Educación secundaria, especialidad matemática e informática |
| 526 ## - NOTA DE INFORMACIÓN SOBRE EL PROGRAMA DE ESTUDIO |
| Nombre del programa |
Educación secundaria, especialidad ambiental, biología y química |
| 596 ## - |
| -- |
1 |
| 650 04 - PUNTO DE ACCESO ADICIONAL DE MATERIA--TÉRMINO DE MATERIA |
| Término de materia o nombre geográfico como elemento de entrada |
Trigonometría |
| Subdivisión de forma |
Problemas, ejercicios, etc. |
| 650 04 - PUNTO DE ACCESO ADICIONAL DE MATERIA--TÉRMINO DE MATERIA |
| Término de materia o nombre geográfico como elemento de entrada |
Números complejos |
| Subdivisión de forma |
Problemas, ejercicios, etc. |
| 700 1# - ENTRADA AGREGADA--NOMBRE PERSONAL |
| Nombre de persona |
Morgado, Augusto César, |
| Término indicativo de función/relación |
autor. |
| 710 2# - ENTRADA AGREGADA--NOMBRE DE ENTIDAD CORPORATIVA |
| Nombre de entidad corporativa o nombre de jurisdicción como elemento de entrada |
Universidad Nacional de Ingeniería (Lima) |
| 9 (RLIN) |
4880 |
| 700 1# - ENTRADA AGREGADA--NOMBRE PERSONAL |
| Nombre de persona |
Wagner, Eduardo, |
| Término indicativo de función/relación |
autor. |
| 942 ## - ELEMENTOS DE ENTRADA SECUNDARIOS (KOHA) |
| Fuente del sistema de clasificación o colocación |
Clasificación Decimal Dewey |
| Tipo de ítem Koha |
|
| 949 ## - PROCESAMIENTO DE INFORMACIÓN LOCAL (OCLC) |
| a |
514 D84 |
| w |
DEWEY |
| c |
1 |
| i |
45599 |
| l |
CCODEBUL1 |
| m |
BUL |
| p |
00.00 |
| r |
0 |
| s |
Y |
| t |
BOOK |
| u |
2015-06-24 |
| x |
INGENIERIA |
| z |
UNKNOWN |
| 0 |
COMPRA |
| o |
.STAFF. Colección General |
| 999 ## - NÚMEROS DE CONTROL DE SISTEMA (KOHA) |
| -- |
DEWEY |
| -- |
45599 |
| -- |
2018-11-22 |
| -- |
2021-11-5 |
| -- |
7 |
| -- |
CCODEBUL1 |
| -- |
BUL |
| -- |
2 |
| -- |
2 |
| -- |
0 |
| -- |
Y |
| -- |
BOOK |
| -- |
2015-6-24 |
| -- |
BIBLIOTECA |
| -- |
UNKNOWN |
| -- |
COMPRA |
| -- |
.STAFF. Colección General |
| 980 ## - EQUIVALENCIA O REFERENCIA-CRUZADA-MENCIÓN DE SERIE--NOMBRE DE PERSONA/TÍTULO [LOCAL, CANADÁ] |
| ID del último usuario que modificó el registro |
1 |
| Nombre del último usuario que modificó el registro |
ALBERTO SANCHEZ Responsable de Automatización |